Геометрия Лобачевского и элементы оснований геометрии: пособие для учителей средней школы

Dades bibliogràfiques
Autor principal: Кутузов Б. В. Борис Вениаминович
Idioma:rus
Publicat: Москва, Учпедгиз, 1955
Edició:2-е изд., испр. и доп.
Matèries:
Format: MixedMaterials Llibre
KOHA link:https://koha.lib.tpu.ru/cgi-bin/koha/opac-detail.pl?biblionumber=182678

MARC

LEADER 00000nam0a2200000 4500
001 182678
005 20231031171351.0
035 |a (RuTPU)RU\TPU\book\198024 
090 |a 182678 
100 |a 20100624d1955 m y0rusy50 ca 
101 0 |a rus 
102 |a RU 
105 |a ac z 001zy 
200 1 |a Геометрия Лобачевского и элементы оснований геометрии  |e пособие для учителей средней школы  |f Б. В. Кутузов 
205 |a 2-е изд., испр. и доп. 
210 |a Москва  |c Учпедгиз  |d 1955 
215 |a 152 с.  |c ил. 
320 |a Библиогр.: с. 150. 
600 1 |a Лобачевский  |g Николай Иванович  |c российский математик  |f 1792-1856  |b Н. И.  |2 stltpush  |3 (RuTPU)RU\TPU\pers\981 
610 1 |a геометрия 
610 1 |a элементы 
610 1 |a теоремы 
610 1 |a постулаты 
610 1 |a прямые 
610 1 |a плоскости 
610 1 |a площади 
610 1 |a евклидовы плоскости 
610 1 |a интерпретация 
610 1 |a аксиомы 
675 |a 513  |v 3 
700 1 |a Кутузов  |b Б. В.  |g Борис Вениаминович 
801 1 |a RU  |b 63413507  |c 20100624 
801 2 |a RU  |b 63413507  |c 20121019  |g RCR 
942 |c BK